000
00268nam a22000977a 4500
999
_c
11636
_d
11636
008
190923b ||||| |||| 00| 0 eng d
020
_a
9789386299666
100
_a
CBSE
_9
7339
245
_a
Chemistry Most Likely Question Sets-XII
260
_a
AGRA
_b
Oswal Publications
_c
2017